| 000 | 00869nas a2200289 4500 | ||
|---|---|---|---|
| 001 | BR0505402 | ||
| 003 | BR-BrBNA | ||
| 005 | 20231205105719.0 | ||
| 007 | ta | ||
| 008 | 230509b bl.|||p| |||| 00| 00por d | ||
| 040 |
_aBR-BrBNA _bpor _cBiblioteca Nacional de Agricultura |
||
| 041 | _a(Pt) | ||
| 072 | _aF60 | ||
| 100 | 1 | _aSilva, E.F.F. e | |
| 100 | 1 | _aCampeche, L.F. de S.M. | |
| 100 | 1 | _aDuarte, S.N. | |
| 100 | 1 | _aFolegatti, M.V. | |
| 245 | 1 | _aEvapotranspiração, coeficiente de cultivo e de salinidade para o pimentão cultivado em estufa | |
| 650 | _aPIMENTÃO | ||
| 650 | _aEVAPOTRANSPIRAÇÃO | ||
| 650 | _aDEFICIÊNCIA HÍDRICA | ||
| 650 | _aSOLO SALINO | ||
| 650 | _aESTUFA | ||
| 773 | 0 |
_tMagistra (Brazil) _xISSN 0102-5333 _g(May-Aug 2005), v. 17(2) p. 58-63 _wBR0505402 |
|
| 909 |
_a202311 _bLúcia _c55 _dLúcia Elande |
||
| 942 |
_2AGRIS _n0 _cANA |
||
| 999 |
_c184305 _d184305 |
||